Arena Breakout Boss - Statistics

General Stats
  • This quiz has been taken 28 times
  • The average score is 7 of 18
Answer Stats
Hint Answer % Correct
Armory Boss #2 Ajax
89%
Farm Boss Hecate
74%
Valley Boss Doss
68%
Port Boss Derwin
58%
Armory Boss #1 Renoir
58%
TV Station Boss #3 Bernard
53%
TV Station Boss #1 Rolf
53%
Northridge Boss Frade
42%
TV Station Boss #2 Kurt
42%
TV Station Boss #3 Token Airborne Badge
32%
Armory Boss #2 Token Pocket Knife
32%
TV Station Boss #2 Token Combat Compass
26%
TV Station Boss #1 Token Brass Knuckles
21%
Northridge Boss Token Frade's Wedding Ring
21%
Valley Boss Token Handmade Gold
16%
Armory Boss #1 Token Identity
11%
Farm Boss Token Carabiner
5%
Port Boss Token Cut-Off Streamer
5%
No matching quizzes found
Score Distribution
Percent of People with Each Score
Percentile by Number Answered
Your Score History
You have not taken this quiz